00740 a2200205 4500999001700000003000500017005001700022008004100039020001500080020001800095082001000113100003100123245013000154260005300284300002100337700003200358700002300390942002900413952009200442 c29801d29801NUST20180118123426.0180118b xxu||||| |||| 00| 0 eng d a8120327276 a9788120327276 a620.11 aPaul, Akshoy Ranjan.9873410aMechanical sciences :bengineering thermodynamics and fluid mechanics /cAkshoy Ranjan Paul, Sanchayan Mukherjee, Pijush Roy. a[S.l.] :bPrentice-Hall of India Pvt.Ltd,c2005. a604 p. ;c24 cm.1 aMukherjee, Sanchayan.987351 aRoy, Pijush.98736 aSNScBKk620.1 PAU2ddc 00104070aSNSbSNSd2016-05-26l0o620.1 PAUpSNS0001448r2016-05-26w2016-05-26yBK